[Event "7th HD Bank Cup 2017"]
[Site "Ho Chi Minh City VIE"]
[Date "2017.03.13"]
[Round "3.6"]
[White "Tran Tuan Minh"]
[Black "Diu,V"]
[Result "1-0"]
[WhiteElo "2503"]
[BlackElo "2421"]

1.d4 Nf6 2.c4 e6 3.Nc3 Bb4 4.e3 O-O 5.Ne2 d5 6.a3 Bd6 7.c5 Be7 8.Ng3 b6 9.b4
c6 10.Be2 Nbd7 11.O-O a5 12.Bd2 Ba6 13.f4 Qc7 14.Qc2 Bxe2 15.Ngxe2 Qb7 16.Rab1
axb4 17.axb4 Qa6 18.Nc1 Qc4 19.Nd3 Ra3 20.Rfc1 Rc8 21.Nf2 g6 22.g4 Bd8 23.g5
Ne8 24.Qb2 Qa6 25.b5 cxb5 26.Qxb5 Qxb5 27.Nxb5 Ra2 28.Bb4 bxc5 29.dxc5 Ra6
30.Nd3 Ng7 31.Ra1 Rxa1 32.Rxa1 Nf5 33.Ra7 Nb8 34.Ra8 Be7 35.c6 Bxb4 36.c7 {#r}
1-0

[Event "7th HD Bank Cup 2017"]
[Site "Ho Chi Minh City VIE"]
[Date "2017.03.13"]
[Round "3.8"]
[White "Nguyen,Anh Khoi"]
[Black "Lu Shanglei"]
[Result "1-0"]
[WhiteElo "2459"]
[BlackElo "2624"]

1.d4 d5 2.c4 e6 3.Nc3 c6 4.e3 Nf6 5.Nf3 Nbd7 6.Qc2 Bd6 7.Bd3 O-O 8.O-O dxc4
9.Bxc4 e5 10.h3 exd4 11.Nxd4 Nb6 12.Be2 Bc7 13.Rd1 Qe7 14.b3 Qe5 15.f4 Qc5
16.a4 Qe7 17.e4 Rd8 18.a5 Nbd7 19.Nf5 Qf8 20.Nb5 Bb8 21.Ba3 c5 22.e5 Nxe5
23.fxe5 Bxe5 24.Rxd8 Qxd8 25.Rd1 Qe8 26.Bc4 Bxf5 27.Qxf5 Qe7 28.Re1 Re8 29.Kh1
g6 30.Qf2 b6 31.axb6 axb6 32.Bb2 Nd7 33.Nd6 Bxd6 34.Rxe7 Rxe7 35.g4 Bc7 36.Qd2
Bb8 37.Kg2 Bc7 38.h4 {#r} 1-0

[Event "7th HD Bank Cup 2017"]
[Site "Ho Chi Minh City VIE"]
[Date "2017.03.13"]
[Round "3.10"]
[White "Laylo,D"]
[Black "Zhou Jianchao"]
[Result "0-1"]
[WhiteElo "2445"]
[BlackElo "2619"]

1.d4 Nf6 2.c4 g6 3.f3 c5 4.d5 d6 5.e4 Bg7 6.Ne2 O-O 7.Nec3 e6 8.Be2 exd5
9.cxd5 a6 10.a4 Nh5 11.Be3 f5 12.Qd2 f4 13.Bf2 Nd7 14.Na3 Ne5 15.Nc4 g5 16.a5
Nxc4 17.Bxc4 Bd7 18.Na4 Bxa4 19.Rxa4 Qe8 20.Ra3 g4 21.Be2 g3 22.hxg3 Nxg3
23.Bxg3 fxg3 24.Qg5 Qg6 25.Qxg6 hxg6 26.Rb3 Rf7 27.Rh4 Be5 28.f4 Bxf4 29.Bg4
g5 30.Rh5 Kg7 31.e5 Bxe5 32.Rxg5+ Kh6 33.Rh5+ Kg6 34.Rxe5 dxe5 35.Rxg3 Rf4
36.Bc8+ Kf6 37.Bxb7 Rb8 38.Rb3 Rb4 39.Rxb4 cxb4 40.Bxa6 Ra8 41.Bc4 Rxa5 42.d6
Rc5 43.Bb3 Rc1+ 44.Ke2 Rb1 45.Bd5 Rxb2+ 46.Kd3 Rb1 47.Kc2 Rf1 48.Kb3 Rd1
49.Kc4 b3 {#R} 0-1

[Event "7th HD Bank Cup 2017"]
[Site "Ho Chi Minh City VIE"]
[Date "2017.03.13"]
[Round "3.13"]
[White "Tran,Minh Thang"]
[Black "Michalik,P"]
[Result "1-0"]
[WhiteElo "2406"]
[BlackElo "2578"]

1.d4 d5 2.c4 e6 3.Nf3 Nf6 4.Nc3 dxc4 5.e3 a6 6.a4 c5 7.Bxc4 Nc6 8.O-O Be7
9.Qe2 cxd4 10.Rd1 e5 11.exd4 exd4 12.Be3 Bg4 13.Bf4 O-O 14.h3 Bh5 15.g4 Bg6
16.Be3 Bc5 17.b4 Bxb4 18.Nxd4 Bxc3 19.Nxc6 Qe8 20.Rac1 Ne4 21.Nd4 Bb4 22.f4
Nc3 23.Rxc3 Bxc3 24.f5 Rc8 25.Bb3 Bxd4 26.Rxd4 Rc3 27.Rd3 Qe5 28.fxg6 hxg6
29.Kf1 Re8 30.Qf2 Rxd3 31.Bxf7+ Kf8 32.Bc5+ Rd6 33.Be6+ {#r} 1-0

[Event "7th HD Bank Cup 2017"]
[Site "Ho Chi Minh City VIE"]
[Date "2017.03.13"]
[Round "3.17"]
[White "Tokhirjonova,Gulrukhbegim"]
[Black "Nguyen Anh Dung"]
[Result "0-1"]
[WhiteElo "2297"]
[BlackElo "2482"]

1.e4 c5 2.Nf3 d6 3.d4 cxd4 4.Nxd4 Nf6 5.Nc3 a6 6.h3 e5 7.Nde2 h5 8.Bg5 Be6
9.Bxf6 Qxf6 10.Nd5 Bxd5 11.Qxd5 Nc6 12.c3 g6 13.Rd1 Rd8 14.Nc1 Rd7 15.Bc4 Bh6
16.Nb3 Ne7 17.Qd3 O-O 18.O-O Kg7 19.Qe2 Rc7 20.Bd5 Qh4 21.Na5 b5 22.Bb7 Qf6
23.a4 Rb8 24.axb5 axb5 25.Qxb5 Rc5 26.Qa6 Rxa5 27.Qxa5 Rxb7 28.b4 Nc8 29.c4
Qe6 30.c5 dxc5 31.Qxc5 Bg5 32.Rb1 Be7 33.Qc3 Nd6 34.Qc6 Qc4 35.b5 Qxe4 36.Rfe1
Qxc6 37.bxc6 Rxb1 38.Rxb1 Kf6 39.Rb8 Ke6 40.Kf1 f5 41.Ke2 g5 42.Kd3 h4 43.f3
Bf6 44.Ke2 e4 45.fxe4 fxe4 46.Ke3 Be5 47.Rg8 Bf4+ 48.Kd4 e3 49.Kd3 Nf5 50.Rg6+
Kf7 51.c7 Bxc7 52.Rxg5 Kf6 53.Rg4 Bg3 54.Ra4 Bf2 55.Ke2 Ke5 56.Kd3 Ng3 57.Ra5+
Kd6 58.Ra6+ Kc5 59.Ra5+ Kb4 60.Re5 e2 61.Rxe2 Nxe2 62.Kxe2 Bg3 63.Kf1 Kc3
64.Kg1 Kd2 65.Kf1 Bc7 66.Kg1 Ke3 67.Kh1 {#R} 0-1

[Event "7th HD Bank Cup 2017"]
[Site "Ho Chi Minh City VIE"]
[Date "2017.03.13"]
[Round "3.18"]
[White "Gomez,Joh"]
[Black "Swathi,G"]
[Result "1-0"]
[WhiteElo "2481"]
[BlackElo "2254"]

1.c4 e6 2.Nc3 d5 3.d4 Bb4 4.a3 Bxc3+ 5.bxc3 Nf6 6.e3 O-O 7.cxd5 exd5 8.Bd3 b6
9.Ne2 Ba6 10.O-O Re8 11.f3 c5 12.Ng3 Bxd3 13.Qxd3 Nc6 14.Bb2 cxd4 15.cxd4 Na5
16.Rae1 Qc7 17.e4 Rac8 18.e5 Nd7 19.Rc1 Nc4 20.Ba1 g6 21.f4 f5 22.Nxf5 gxf5
23.Qxf5 Nf8 24.Rc3 Re6 25.Qh3 Rc6 26.Rfc1 Qd7 27.f5 Na5 28.Rg3+ Kh8 29.Bc3 Qf7
30.Re1 Nc4 31.e6 Qf6 32.Qg4 Nxe6 33.fxe6 Nd6 34.Rf1 {#r} 1-0

[Event "7th HD Bank Cup 2017"]
[Site "Ho Chi Minh City VIE"]
[Date "2017.03.13"]
[Round "3.20"]
[White "Mareco,S"]
[Black "Li,Yankai"]
[Result "1-0"]
[WhiteElo "2664"]
[BlackElo "2389"]

1.c4 Nf6 2.Nc3 d5 3.cxd5 Nxd5 4.g3 e5 5.Bg2 Nb6 6.Nf3 Nc6 7.O-O Be7 8.d3 Be6
9.Be3 O-O 10.Ne4 Nd5 11.Bc5 h6 12.Rc1 b6 13.Bxe7 Ndxe7 14.Qa4 Bd7 15.Qa3 Nf5
16.e3 a5 17.Rfd1 Rc8 18.b3 Re8 19.Qb2 Nd6 20.Nc3 Bg4 21.h3 Bxf3 22.Bxf3 Ne7
23.d4 exd4 24.Rxd4 Nef5 25.Rdd1 Qf6 26.Qe2 Ne7 27.Bg2 Red8 28.Rd3 Ne8 29.Rcd1
Rxd3 30.Qxd3 Nd6 31.Ne4 Nxe4 32.Bxe4 g5 33.Qd7 Qe5 34.Bf3 Rf8 35.Kg2 Kg7
36.Rd4 Ng6 37.Rd5 Qc3 38.Be4 Rg8 39.Rf5 Nh8 40.Bd5 Rf8 41.e4 {#r} 1-0

[Event "ch-IRI 2017"]
[Site "Tehran IRI"]
[Date "2017.03.13"]
[Round "11.3"]
[White "Mosadeghpour,Masoud"]
[Black "Lorparizangeneh,S"]
[Result "1-0"]
[WhiteElo "2444"]
[BlackElo "2524"]

1.e4 e5 2.Nc3 Nf6 3.g3 d5 4.exd5 Nxd5 5.Bg2 Nxc3 6.bxc3 Bc5 7.Nf3 Nc6 8.O-O
O-O 9.d3 Bg4 10.Qe1 Re8 11.Qe4 Qd7 12.Ng5 Bf5 13.Bh3 g6 14.Bxf5 Qxf5 15.Qh4 h5
16.h3 Qf6 17.g4 Ne7 18.gxh5 Nf5 19.Qg4 Be7 20.Nf3 Nh4 21.Nxh4 Qxh4 22.hxg6
Qxg4+ 23.hxg4 fxg6 24.Re1 Bf6 25.Re4 Rad8 26.Bb2 Re6 27.Rae1 Rb6 28.Rb4 Rd5
29.Rxb6 axb6 30.c4 Ra5 31.a3 Kf7 32.Kg2 b5 33.Re4 bxc4 34.Rxc4 c6 35.Rb4 Ra7
36.Re4 Bg7 37.a4 Ra6 38.Rb4 b6 39.Rc4 c5 40.Re4 Ra8 41.Kf1 g5 42.Bxe5 Bxe5
43.Rxe5 Rxa4 44.Rxg5 Kf6 45.Rf5+ Ke6 46.c4 Ra2 47.Kg2 Rd2 48.Rd5 Rb2 49.Kf3
Kf6 50.Rd6+ Ke5 51.Rd5+ Kf6 52.Ke3 Ke6 53.Rh5 Kf6 54.f4 Kg6 55.f5+ {#r} 1-0

[Event "ch-IRI 2017"]
[Site "Tehran IRI"]
[Date "2017.03.13"]
[Round "11.5"]
[White "Maghsoodloo,Parham"]
[Black "Gholami,A"]
[Result "1-0"]
[WhiteElo "2576"]
[BlackElo "2426"]

1.d4 Nf6 2.c4 e6 3.Nf3 b6 4.g3 Bb7 5.Bg2 Be7 6.O-O O-O 7.Nc3 Ne4 8.Bd2 Bf6
9.Be1 c5 10.Qc2 Nxc3 11.Bxc3 cxd4 12.Bb4 Re8 13.Ng5 Bxg5 14.Bxb7 Nc6 15.Bd6
Rb8 16.Bxb8 Qxb8 17.Bxc6 dxc6 18.c5 e5 19.cxb6 Qxb6 20.b4 g6 21.Rab1 e4 22.a4
f5 23.Qc4+ Kg7 24.a5 Qd8 25.Qxc6 Re7 26.Rfd1 Rc7 27.Qa4 Bf6 28.b5 Qd7 29.Qb3
Rb7 30.b6 f4 31.Qb5 Qd6 32.Rdc1 d3 33.Qc6 Qe7 34.Qxb7 {#r} 1-0

[Event "ch-IRI 2017"]
[Site "Tehran IRI"]
[Date "2017.03.13"]
[Round "11.6"]
[White "Tabatabaei,M"]
[Black "Ghaem Maghami,E"]
[Result "0-1"]
[WhiteElo "2515"]
[BlackElo "2577"]

1.d4 Nf6 2.c4 e6 3.Nc3 Bb4 4.f3 d5 5.a3 Bxc3+ 6.bxc3 c5 7.cxd5 Nxd5 8.dxc5 Qa5
9.e4 Ne7 10.Be3 O-O 11.Kf2 f5 12.Qb3 Nbc6 13.exf5 Nxf5 14.Re1 Nxe3 15.Rxe3
Qxc5 16.Qb5 Qxa3 17.Bc4 a6 18.Qh5 Ne7 19.Ne2 b5 20.Bd3 Nf5 21.Bxf5 Rxf5
22.Qe8+ Qf8 23.Qc6 Rb8 24.Rd1 Rc5 25.Qe4 e5 26.Rd5 Bb7 27.Rxc5 Bxe4 28.Rxe5
Bg6 29.Nd4 Re8 {#R} 0-1

[Event "16th Mediterranean Flower"]
[Site "Rijeka CRO"]
[Date "2017.03.13"]
[Round "2.2"]
[White "Cvitan,Ena"]
[Black "Kejzar,Petra"]
[Result "1-0"]
[WhiteElo "2029"]
[BlackElo "2013"]

1.d4 f5 2.e4 fxe4 3.Nc3 Nf6 4.Bg5 e6 5.Nxe4 Be7 6.Bxf6 Bxf6 7.Nf3 d6 8.Bd3 Nc6
9.c3 Bd7 10.Qe2 Qe7 11.g4 Qf8 12.O-O-O O-O-O 13.Nfd2 d5 14.Nc5 Re8 15.Ndb3 a5
16.Bb5 e5 17.Nxd7 Kxd7 18.Nc5+ Kc8 19.Bxc6 bxc6 20.Qa6+ Kd8 21.Qxc6 Qf7
22.Nb7+ Ke7 23.Qxc7+ Kf8 24.Qxf7+ Kxf7 25.Nd6+ {#r} 1-0

[Event "72nd ch-AZE 2017"]
[Site "Baku AZE"]
[Date "2017.03.13"]
[Round "7.1"]
[White "Abasov,N"]
[Black "Ahmadzada,Ahmad"]
[Result "1-0"]
[WhiteElo "2583"]
[BlackElo "2343"]

1.d4 Nf6 2.c4 c5 3.d5 e6 4.Nc3 exd5 5.cxd5 d6 6.Nf3 g6 7.Bf4 Bg7 8.h3 O-O 9.e3
a6 10.a4 Ne8 11.Be2 Nd7 12.O-O Qe7 13.Nd2 Ne5 14.Re1 f5 15.Qb3 g5 16.Bh2 g4
17.f4 gxf3 18.Nxf3 Nxf3+ 19.Bxf3 Be5 20.Bxe5 Qxe5 21.Ne2 Nf6 22.Nf4 Re8 23.Qb6
Nd7 24.Qb3 Nf6 25.Re2 Bd7 26.Qb6 Rab8 27.Nd3 Qe7 28.b3 Ng4 29.Rc1 Ne5 30.Nxe5
Qxe5 31.Rc4 Rec8 32.Rh4 Qf6 33.Rf4 Qe5 34.Rf2 Rf8 35.Be2 Qe7 36.Bd3 Kg7 37.Kh1
Rbe8 38.Qxb7 Rb8 39.Qc7 Rfc8 40.Qa5 Rxb3 41.Bxf5 Bxf5 42.Rxf5 Rxe3 43.Qxa6 Re8
44.Rf7+ Qxf7 45.Rxf7+ Kxf7 46.Qxd6 R3e7 47.a5 Rc8 48.a6 c4 49.Qf4+ Ke8 50.Qg4
Kd8 51.d6 Re1+ 52.Kh2 {#r} 1-0

[Event "72nd ch-AZE 2017"]
[Site "Baku AZE"]
[Date "2017.03.13"]
[Round "7.2"]
[White "Muradli,Mahammad"]
[Black "Iskandarov,M"]
[Result "0-1"]
[WhiteElo "2331"]
[BlackElo "2426"]

1.d4 Nf6 2.Nf3 c5 3.d5 b5 4.Bg5 Qb6 5.d6 e6 6.Nc3 b4 7.Bxf6 gxf6 8.Ne4 Bg7
9.Ng3 h5 10.h4 f5 11.Rb1 f4 12.Ne4 Bb7 13.Neg5 Bd5 14.e4 fxe3 15.fxe3 Qxd6
16.Bd3 Qg3+ 17.Kf1 Nc6 18.e4 Bxa2 19.Ra1 c4 20.Be2 b3 21.c3 Rd8 22.Bxc4 f6
23.Nh3 Ne5 24.Nxe5 fxe5 25.Kg1 Bh6 26.Ng5 Qe3+ 27.Kh2 Bxg5 28.hxg5 Qxe4 29.Be2
Qf4+ 30.Kg1 Qe3+ 31.Kh2 O-O 32.Bxh5 Rf4 33.Bg4 Rxg4 34.Qxg4 Kg7 35.Qf3 Rh8+
36.Kg3 Qxg5+ 37.Qg4 Qxg4+ 38.Kxg4 Rxh1 39.Rxh1 a5 40.Rd1 d5 41.Kf3 a4 42.Rd2
Bb1 43.Rd1 Be4+ 44.Ke3 a3 45.bxa3 b2 46.a4 b1=Q 47.Rxb1 Bxb1 48.a5 Bc2 {#R}
0-1

[Event "72nd ch-AZE 2017"]
[Site "Baku AZE"]
[Date "2017.03.13"]
[Round "7.3"]
[White "Bashirli,Nail"]
[Black "Rasulov,Vu"]
[Result "0-1"]
[WhiteElo "2369"]
[BlackElo "2506"]

1.e4 e5 2.Nf3 Nc6 3.Bb5 Nf6 4.O-O Nxe4 5.Re1 Nd6 6.Bxc6 dxc6 7.Nxe5 Be7 8.d4
O-O 9.Bf4 Nf5 10.c3 Be6 11.Nd2 c5 12.dxc5 Bxc5 13.Qf3 c6 14.Ne4 Be7 15.Rad1
Qc8 16.Qh5 f6 17.Nd3 Bf7 18.Qh3 Rd8 19.Ndc5 Rxd1 20.Rxd1 Bd5 21.c4 Bxc4 22.Rd7
Be6 23.Rxe7 Nxe7 24.Nxe6 Qd7 25.Qg4 Ng6 26.N4c5 Qe7 27.Be3 b6 28.Nd3 Qf7
29.Nd4 c5 30.Ne2 Rd8 31.Ne1 Qxa2 32.h4 Ne5 33.Qe4 Qc4 34.Qxc4+ Nxc4 35.Nc2
Nxb2 36.Na3 a6 37.g4 Rd3 38.Nc2 Nc4 39.Nf4 Rc3 {#R} 0-1

[Event "72nd ch-AZE 2017"]
[Site "Baku AZE"]
[Date "2017.03.13"]
[Round "7.5"]
[White "Idrisov,T"]
[Black "Zeynalov,F"]
[Result "1-0"]
[WhiteElo "2315"]
[BlackElo "2317"]

1.d4 Nf6 2.c4 g6 3.Nc3 d5 4.cxd5 Nxd5 5.e4 Nxc3 6.bxc3 Bg7 7.Bc4 c5 8.Ne2 Nc6
9.d5 Ne5 10.Bb5+ Bd7 11.Bxd7+ Qxd7 12.f4 Nc4 13.Qb3 Na5 14.Qc2 e6 15.dxe6 fxe6
16.O-O O-O 17.Be3 Qc6 18.Rad1 Nc4 19.Bc1 Rad8 20.Ng3 Bf6 21.Rxd8 Rxd8 22.f5
Bh4 23.fxg6 hxg6 24.e5 Nxe5 25.Qf2 Be7 26.Qf4 Qd5 27.Ne4 g5 28.Nf6+ Bxf6
29.Qxf6 Rd7 30.Re1 Nf7 31.Qg6+ Kf8 32.Rf1 e5 33.Bxg5 Rc7 34.Qh7 {#r} 1-0

[Event "74th ch-GEO w 2017"]
[Site "Tbilisi GEO"]
[Date "2017.03.13"]
[Round "3.1"]
[White "Khotenashvili,B"]
[Black "Kuchava,A"]
[Result "1-0"]
[WhiteElo "2434"]
[BlackElo "2134"]

1.d4 d5 2.Nf3 Nf6 3.g3 c6 4.Bg2 Bf5 5.c4 e6 6.Nc3 h6 7.Qb3 Qb6 8.c5 Qxb3
9.axb3 Na6 10.Bf4 Nd7 11.O-O g5 12.Be3 Bg7 13.Ra4 g4 14.Nh4 Bc2 15.Rc1 Bxb3
16.Ra3 Naxc5 17.dxc5 Bc4 18.Bf1 d4 19.Ne4 Ba6 20.Nd6+ Kf8 21.Bf4 d3 22.Nc4
dxe2 23.Bd6+ Kg8 24.Bxe2 Bxb2 25.Nxb2 Bxe2 26.Nc4 Kh7 27.Rc2 Bxc4 28.Rxc4 h5
29.Rca4 Rhd8 30.Rxa7 Rxa7 31.Rxa7 Nf6 32.Rxb7 Ne4 33.Rxf7+ Kg8 34.Rc7 Nxd6
35.cxd6 Rxd6 36.Ng6 Rd1+ 37.Kg2 Rc1 38.Rxc6 {#r} 1-0

[Event "74th ch-GEO w 2017"]
[Site "Tbilisi GEO"]
[Date "2017.03.13"]
[Round "3.4"]
[White "Arabidze,M"]
[Black "Khukhashvili,S"]
[Result "1-0"]
[WhiteElo "2383"]
[BlackElo "2368"]

1.Nf3 Nf6 2.c4 e6 3.g3 a6 4.Bg2 b5 5.d3 c5 6.e4 d6 7.Nc3 b4 8.e5 Nfd7 9.Bg5
Qa5 10.Na4 Bb7 11.exd6 Bxd6 12.O-O h6 13.Be3 O-O 14.b3 Qc7 15.d4 cxd4 16.Bxd4
Rd8 17.Qe2 Nc6 18.Be3 Bf8 19.Rac1 e5 20.Rfd1 Rab8 21.Nh4 Ba8 22.c5 a5 23.Nb6
Nf6 24.Nxa8 Rxa8 25.Qb5 Rdc8 26.Nf5 Rab8 27.Qa6 Ra8 28.Qc4 e4 29.Bxe4 Nxe4
30.Qxe4 a4 31.Nd6 Bxd6 32.Rxd6 axb3 33.axb3 Qe7 34.Qd5 Qe5 35.Qc4 Qh5 36.Kg2
Ra2 37.Qe4 Qe5 38.Qg4 f5 39.Qc4+ Kh7 40.Re6 Qc7 41.Qd5 Ne7 42.Rxh6+ {#r} 1-0

[Event "74th ch-GEO w 2017"]
[Site "Tbilisi GEO"]
[Date "2017.03.13"]
[Round "3.5"]
[White "Mikadze,M"]
[Black "Gvetadze,Sopi"]
[Result "0-1"]
[WhiteElo "2280"]
[BlackElo "2285"]

1.d4 Nf6 2.Bf4 e6 3.e3 Be7 4.h3 O-O 5.Nf3 b6 6.Bd3 Bb7 7.Nbd2 Nd5 8.Bh2 f5
9.c3 c5 10.e4 fxe4 11.Bxe4 Nc6 12.dxc5 bxc5 13.Qb3 Qc8 14.O-O Nf6 15.Bb1 Na5
16.Qa4 Qd8 17.b4 cxb4 18.cxb4 Nc6 19.a3 a6 20.Re1 Na7 21.Qb3 a5 22.b5 Qb6
23.a4 Bd5 24.Qd3 Bc5 25.Rf1 d6 26.Ba2 Bxa2 27.Rxa2 d5 28.Nb3 Bb4 29.Be5 Ne4
30.Rc2 Rac8 31.Bd4 Qb7 32.Rfc1 Rxc2 33.Rxc2 Nc8 34.Ne5 Bd6 35.Qd1 Ne7 36.f3
Ng3 37.Nc5 Qa8 38.Nxe6 Rc8 39.Ng4 Nef5 40.Bf2 h5 41.Nh2 Rxc2 42.Qxc2 Qe8
43.Nc7 Ne2+ 44.Kf1 Nfg3+ 45.Bxg3 Nxg3+ 46.Kf2 Qe5 47.b6 Qd4+ 48.Ke1 Bb4+ {#R}
0-1

[Event "7th HD Bank Cup 2017"]
[Site "Ho Chi Minh City VIE"]
[Date "2017.03.12"]
[Round "1.2"]
[White "Andyka,Pitra"]
[Black "Le Quang Liem"]
[Result "0-1"]
[WhiteElo "2390"]
[BlackElo "2712"]

1.e4 c5 2.Nf3 d6 3.d4 cxd4 4.Nxd4 Nf6 5.Nc3 a6 6.Be3 e5 7.Nb3 Be6 8.h3 Be7
9.Qf3 O-O 10.O-O-O b5 11.g4 b4 12.Nd5 Nxd5 13.exd5 Bc8 14.Kb1 a5 15.Nc5 a4
16.Ne4 Ba6 17.g5 Nd7 18.h4 Bxf1 19.Rhxf1 Qc7 20.Qe2 Rfc8 21.Rc1 f5 22.gxf6
Nxf6 23.Ng5 a3 24.Ne6 Qa5 25.b3 Qxd5 26.Ng5 h6 27.Rcd1 Qc6 28.Ne6 Ne4 29.Rd3
Nc3+ 30.Rxc3 Qxc3 31.Bc1 Bf6 {#R} 0-1

[Event "7th HD Bank Cup 2017"]
[Site "Ho Chi Minh City VIE"]
[Date "2017.03.12"]
[Round "1.3"]
[White "Bu Xiangzhi"]
[Black "Li,Yankai"]
[Result "1-0"]
[WhiteElo "2711"]
[BlackElo "2389"]

1.Nf3 Nf6 2.c4 g6 3.Nc3 d5 4.d4 Bg7 5.e3 O-O 6.Bd2 e6 7.Rc1 b6 8.cxd5 exd5
9.b4 Bb7 10.Be2 Nbd7 11.b5 Ne4 12.O-O Nxd2 13.Qxd2 Qe7 14.Rc2 Qd6 15.Rfc1 Rfe8
16.a4 Nf8 17.a5 Rac8 18.Na2 Ne6 19.Nb4 Nd8 20.g3 Bf8 21.Nd3 f6 22.Bf1 Qd7
23.Nf4 g5 24.Nd3 Bd6 25.Nc5 Qf5 26.Qd3 Qxd3 27.Nxd3 Re7 28.Nd2 Rb8 29.Bg2 Kf7
30.Nb1 Ke6 31.Nc3 c5 32.dxc5 bxc5 33.Rd1 d4 34.exd4 cxd4 35.Ne2 Bxg2 36.Nxd4+
Kf7 37.Kxg2 Re4 38.Nf5 Bf8 39.Nc5 Bxc5 40.Rxc5 Kg6 41.Rd7 Ne6 42.Rcd5 {#r} 1-0

[Event "7th HD Bank Cup 2017"]
[Site "Ho Chi Minh City VIE"]
[Date "2017.03.12"]
[Round "1.4"]
[White "Abhishek,K"]
[Black "Cheparinov,I"]
[Result "0-1"]
[WhiteElo "2381"]
[BlackElo "2698"]

1.d4 f5 2.Bg5 g6 3.Nc3 Bg7 4.e3 Nf6 5.Bc4 e6 6.h4 h6 7.Bxf6 Qxf6 8.Qf3 a6
9.Nge2 Nc6 10.Qg3 d6 11.O-O-O O-O 12.Nf4 Ne7 13.Qf3 c6 14.Bb3 b5 15.g4 fxg4
16.Qxg4 d5 17.Rdg1 a5 18.a4 b4 19.Nd1 e5 20.dxe5 Qxe5 21.Nxg6 Bxg4 22.Nxe5 Be6
23.e4 Kh7 24.Nxc6 Nxc6 25.exd5 Nd4 26.dxe6 Ne2+ 27.Kd2 Nxg1 28.Rxg1 Rf4 29.h5
Rf5 30.Bc4 Rxh5 31.f4 Rd8+ 32.Bd3+ Kh8 33.Re1 Bf6 34.b3 Rh4 35.Ke3 Kg7 36.Kf3
Kf8 37.Ne3 Rd4 38.Ng4 Be7 39.Kg3 Rh5 40.Re2 Bd6 41.Rf2 Rg5 42.Kh4 Rxf4
43.Rxf4+ Bxf4 44.Nxh6 Re5 45.Nf5 Rxe6 46.Kg4 Bd2 47.Nd4 Rd6 48.Nf3 Bc3 49.Kf4
Ke7 50.Ne5 Bxe5+ 51.Kxe5 Kd7 52.Be4 Kc7 53.Bd5 Rh6 54.Be4 Kb6 55.Kd5 Rh4
56.Kd4 Rg4 57.Kd5 Kc7 58.Ke5 Rh4 59.Kd5 Kb6 60.Kd4 Rh8 61.Kd5 Rd8+ 62.Kc4 Rc8+
63.Kd4 Rc5 64.Bd3 Kc6 65.Bc4 Rh5 66.Bd3 Rh4+ 67.Be4+ Kd6 68.Ke3 Ke5 69.Bb7
Rh3+ 70.Bf3 Rg3 71.Kf2 Kf4 72.Be2 Rh3 73.Bf1 Rh2+ 74.Bg2 Rxg2+ {#R} 0-1

[Event "7th HD Bank Cup 2017"]
[Site "Ho Chi Minh City VIE"]
[Date "2017.03.12"]
[Round "1.6"]
[White "Dang,H"]
[Black "Iturrizaga,E"]
[Result "0-1"]
[WhiteElo "2356"]
[BlackElo "2673"]

1.d4 Nf6 2.c4 b6 3.Nf3 Bb7 4.g3 c5 5.d5 b5 6.Bg2 bxc4 7.Nc3 d6 8.Bg5 Nbd7
9.O-O g6 10.e4 Bg7 11.Nd2 O-O 12.f4 Nb6 13.a4 a5 14.g4 h6 15.Bh4 Qd7 16.Bh3
Nh7 17.Nf3 e6 18.g5 hxg5 19.fxg5 Qe7 20.Re1 Rae8 21.Qd2 Qd8 22.dxe6 fxe6
23.Bg2 d5 24.e5 Rf5 25.Rad1 Nd7 26.Bg3 Ref8 27.Nh4 Rxg5 28.Nxd5 Nxe5 29.Bxe5
exd5 30.Bxg7 Kxg7 31.Re6 Rg4 32.Qe1 Rxh4 33.Qe5+ Nf6 34.Rf1 Rh5 35.Re7+ Kh8
36.Qe1 Qd6 37.h3 Bc8 38.Rf3 Bf5 39.Ra7 d4 40.Qd2 Ne4 41.Qc1 d3 42.Kh1 c3
43.bxc3 Ng3+ 44.Rxg3 Qxg3 45.c4 Rxh3+ 46.Kg1 Qh2+ {#R} 0-1

[Event "7th HD Bank Cup 2017"]
[Site "Ho Chi Minh City VIE"]
[Date "2017.03.12"]
[Round "1.7"]
[White "Mareco,S"]
[Black "Li Ruofan"]
[Result "0-1"]
[WhiteElo "2664"]
[BlackElo "2352"]

1.d4 Nf6 2.c4 e6 3.Nf3 d5 4.g3 Bb4+ 5.Bd2 Be7 6.Bg2 c6 7.Qc2 O-O 8.O-O Nbd7
9.Bf4 Nh5 10.Bc1 f5 11.Nc3 h6 12.Rd1 Qe8 13.Ne5 Nhf6 14.b3 Nxe5 15.dxe5 Ng4
16.Bb2 f4 17.h3 Nxe5 18.Nxd5 exd5 19.Bxe5 fxg3 20.Bxg3 Bf5 21.Qd2 d4 22.Rac1
Bg5 23.f4 Bf6 24.Kh2 Qh5 25.Bf2 Rae8 26.Bf1 Be4 27.c5 Be5 28.e3 Qf3 29.Bc4+
Kh8 30.Bg3 dxe3 31.Qe2 Rxf4 32.Rf1 Qxg3+ 33.Kxg3 Rf3+ 34.Kg4 Rg3+ 35.Kh5 Rg5+
{#R} 0-1

[Event "7th HD Bank Cup 2017"]
[Site "Ho Chi Minh City VIE"]
[Date "2017.03.12"]
[Round "1.9"]
[White "Goganov,A"]
[Black "Muminova,N"]
[Result "1-0"]
[WhiteElo "2621"]
[BlackElo "2348"]

1.c4 c6 2.Nf3 d5 3.e3 Nf6 4.Nc3 g6 5.cxd5 Nxd5 6.h4 Bg7 7.h5 Bf5 8.Qb3 Nd7
9.h6 Bf6 10.Nxd5 cxd5 11.Qxb7 O-O 12.Qxd5 Be6 13.Qd3 Rc8 14.Qa3 Bd5 15.Be2 e5
16.O-O e4 17.Ne1 Be5 18.d4 Bb8 19.Bd2 Qh4 20.g3 Qh3 21.Ng2 Nf6 22.Rac1 Rce8
23.Bb4 Be6 24.Qa6 Qxh6 25.Bxf8 Rxf8 26.Rc6 Ng4 27.Bxg4 Bxg4 28.Nh4 Bxg3
29.fxg3 Qxe3+ 30.Rf2 Qxg3+ 31.Ng2 e3 32.Re2 Bf3 33.Rf6 Be4 34.Qa3 Bxg2 35.Rxg2
Qh4 36.Rf3 Re8 37.Qb3 Re7 38.Rxe3 Qxd4 39.Rg3 a5 40.Qc3 Qd1+ 41.Kf2 Qd6
42.Rxe7 Qxe7 43.Re3 Qh4+ 44.Ke2 Qh2+ 45.Kd3 {#r} 1-0

[Event "7th HD Bank Cup 2017"]
[Site "Ho Chi Minh City VIE"]
[Date "2017.03.12"]
[Round "1.11"]
[White "Bogdanovich,S"]
[Black "Nouri,H"]
[Result "0-1"]
[WhiteElo "2602"]
[BlackElo "2344"]

1.Nf3 Nf6 2.b4 b6 3.Bb2 Bb7 4.e3 e6 5.b5 Be7 6.Be2 a6 7.a4 axb5 8.axb5 Rxa1
9.Bxa1 d6 10.d4 Nbd7 11.O-O Qa8 12.Nbd2 g5 13.Ne1 g4 14.d5 Rg8 15.dxe6 fxe6
16.Bc4 Nc5 17.Nb3 Nxb3 18.Bxb3 Kd7 19.Nd3 Bxg2 20.Nf4 Bxf1 21.Bxe6+ Ke8
22.Bxf6 Bxf6 23.Qxf1 Rg7 24.Qc4 Be5 25.Nd5 Qd8 26.Kf1 h5 27.Nb4 Qa8 28.Nd5 Qd8
29.Ke2 Kf8 30.Qe4 Qg5 31.Qc4 Qd8 32.Nb4 Qf6 33.Bd5 Bxh2 34.Nd3 Re7 35.Kd2 Bg1
36.Ke2 g3 37.fxg3 Bxe3 38.Qc6 Bg5+ 39.Be4 Qd4 40.Nf2 Rf7 {#R} 0-1

[Event "7th HD Bank Cup 2017"]
[Site "Ho Chi Minh City VIE"]
[Date "2017.03.12"]
[Round "1.17"]
[White "Vishnu,P"]
[Black "Chu Wei Chao"]
[Result "1-0"]
[WhiteElo "2534"]
[BlackElo "2328"]

1.e4 c5 2.Nf3 d6 3.d4 cxd4 4.Nxd4 Nf6 5.Nc3 a6 6.Bg5 Nbd7 7.Bc4 Qb6 8.Bb3 e6
9.Bxf6 Nxf6 10.Qd2 Be7 11.O-O-O O-O 12.f4 Nd7 13.g4 Nc5 14.g5 a5 15.a3 Nxb3+
16.cxb3 Bd7 17.Kb1 Rfc8 18.f5 Bf8 19.Rhg1 d5 20.g6 fxg6 21.fxg6 dxe4 22.gxh7+
Kh8 23.Rdf1 e5 24.Qg5 Qd6 25.Nxe4 Qe7 26.Nf3 Bc6 27.Qe3 Bd5 28.Neg5 Qc5
29.Nxe5 Qc2+ 30.Ka1 Ra6 31.Nef7+ Bxf7 32.Nxf7+ Kxh7 33.Qh3+ {#r} 1-0

[Event "7th HD Bank Cup 2017"]
[Site "Ho Chi Minh City VIE"]
[Date "2017.03.12"]
[Round "1.19"]
[White "Tran Tuan Minh"]
[Black "Kathmale,S"]
[Result "1-0"]
[WhiteElo "2503"]
[BlackElo "2323"]

1.d4 Nf6 2.c4 g6 3.Nc3 Bg7 4.e4 d6 5.Bd3 O-O 6.Nge2 c5 7.d5 e6 8.Bg5 exd5
9.exd5 Re8 10.O-O Nbd7 11.f4 Qb6 12.Qd2 h6 13.Bh4 Nh7 14.Rae1 Ndf6 15.h3 Bd7
16.Bf2 Qa5 17.a3 a6 18.b4 Qxa3 19.bxc5 dxc5 20.Ra1 Qb4 21.Rfb1 Nh5 22.Rxb4
cxb4 23.Bd4 Bxd4+ 24.Nxd4 bxc3 25.Qf2 Rac8 26.g4 N5f6 27.Nf3 b5 28.Ne5 bxc4
29.Bc2 Nf8 30.Qd4 N6h7 31.Rxa6 Ra8 32.Rxa8 Rxa8 33.Qxc3 Rc8 34.Qb4 f6 35.Nxd7
Nxd7 36.Qb7 {#r} 1-0

[Event "7th HD Bank Cup 2017"]
[Site "Ho Chi Minh City VIE"]
[Date "2017.03.12"]
[Round "1.21"]
[White "Gomez,Joh"]
[Black "To,N"]
[Result "1-0"]
[WhiteElo "2481"]
[BlackElo "2317"]

1.e4 c5 2.Nf3 Nc6 3.Bb5 g6 4.Bxc6 bxc6 5.O-O Bg7 6.Re1 Nh6 7.c3 O-O 8.d4 cxd4
9.cxd4 d6 10.h3 f6 11.Nc3 Nf7 12.b3 Qa5 13.Bd2 Qa6 14.Rc1 Bd7 15.Be3 Rab8
16.Rc2 Rfc8 17.Rce2 Qb7 18.e5 c5 19.e6 Bxe6 20.Bd2 Bxh3 21.Rxe7 Bd7 22.dxc5
Rxc5 23.Ne4 Rd5 24.Qa1 Ne5 25.Nxe5 dxe5 26.Bh6 Bh8 27.Rd1 Qc6 28.Rc1 Qb6
29.Qc3 Qd8 30.Qc7 Rd1+ 31.Rxd1 Qxc7 32.Rexd7 Qc2 33.f3 g5 34.Kh2 Qxa2 35.Rd8+
Rxd8 36.Rxd8+ Kf7 37.Rxh8 Kg6 38.Rg8+ Kxh6 39.Nd6 Qf2 40.Nf5+ Kh5 41.Kh3 {#r}
1-0